Dones que habiten cossos : (Record no. 137396)

MARC details
000 -CABECERA
campo de control de longitud fija 02583cam a2200433 i 4500
001 - NÚMERO DE CONTROL
campo de control 991061737489106706
003 - IDENTIFICADOR DEL NÚMERO DE CONTROL
campo de control ES-BaIT
005 - FECHA Y HORA DE LA ÚLTIMA TRANSACCIÓN
campo de control 20260423133116.0
008 - DATOS DE LONGITUD FIJA--INFORMACIÓN GENERAL
campo de control de longitud fija 260325e202509 spc|||| |||| 0|0 0 cat|
015 ## - NÚMERO DE BIBLIOGRAFÍA NACIONAL
Número de bibliografía nacional LL2026
Fuente bnc
017 ## - NÚMERO DE COPYRIGHT O DE DEPÓSITO LEGAL
Número de copyright o de depósito legal DL B 14708-2025
Agencia que asigna Biblioteca de Catalunya
020 ## - NÚMERO INTERNACIONAL ESTÁNDAR DEL LIBRO
Número Internacional Estándar del Libro 9788412966138
040 ## - FUENTE DE LA CATALOGACIÓN
Centro catalogador/agencia de origen ES-BaBC
Lengua de catalogación cat
Normas de descripción rda
Centro/agencia transcriptor ES-BaBC
080 ## - NÚMERO DE LA CLASIFICACIÓN DECIMAL UNIVERSAL
Número de la Clasificación Decimal Universal 791/793
Subdivisión auxiliar común -051
-- -055.2:308
Identificador de la edición 2004
080 ## - NÚMERO DE LA CLASIFICACIÓN DECIMAL UNIVERSAL
Número de la Clasificación Decimal Universal 159.923.2
Subdivisión auxiliar común -055.1/.3:793.3
Identificador de la edición 2004
080 ## - NÚMERO DE LA CLASIFICACIÓN DECIMAL UNIVERSAL
Número de la Clasificación Decimal Universal 791/793:159.922.1
Identificador de la edición 2004
080 ## - NÚMERO DE LA CLASIFICACIÓN DECIMAL UNIVERSAL
Número de la Clasificación Decimal Universal 793.2
100 1# - ENTRADA PRINCIPAL--NOMBRE DE PERSONA
Nombre de persona D'Ascenzi, Antonella
Término indicativo de función/relación autor
9 (RLIN) 169291
245 10 - MENCIÓN DE TÍTULO
Título Dones que habiten cossos :
Resto del título un discurs de gènere des de la dansa /
Mención de responsabilidad, etc. Antonella D'Ascenzi
250 ## - MENCIÓN DE EDICIÓN
Mención de edición Primera edició
264 #1 - PRODUCCIÓN, PUBLICACIÓN, DISTRIBUCIÓN, FABRICACIÓN Y COPYRIGHT
Producción, publicación, distribución, fabricación y copyright El Masnou, Maresme, Barcelona :
Nombre del de productor, editor, distribuidor, fabricante Neret Edicions,
Fecha de producción, publicación, distribución, fabricación o copyright setembre 2025
300 ## - DESCRIPCIÓN FÍSICA
Extensión 446 pàgines :
Otras características físicas il·lustracions (algunes en color) ;
Dimensiones 24 cm
336 ## - TIPO DE CONTENIDO
Término de tipo de contenido text
Código de tipo de contenido txt
Fuente rdacontent
337 ## - TIPO DE MEDIO
Nombre/término del tipo de medio sense mediació
Código del tipo de medio n
Fuente rdamedia
338 ## - TIPO DE SOPORTE
Nombre/término del tipo de soporte volum
Código del tipo de soporte nc
Fuente rdacarrier
490 1# - MENCIÓN DE SERIE
Mención de serie Art social ;
Designación de volumen o secuencia 6
504 ## - NOTA DE BIBLIOGRAFÍA, ETC.
Nota de bibliografía, etc. Bibliografia: pàgines 437-446
520 ## - SUMARIO, ETC.
Sumario, etc. "«Dones que habiten cossos» és una reflexió i una investigació sobre la preponderància dels codis patriarcals en els cossos de les dones, desenvolupada a partir de la dansa i el moviment en els àmbits quotidià i escènic.Partint de la seva pròpia experiència com a dona i creadora, i basant-se en la investigació sobre el gènere a través de la dansa que porta a terme amb dones que han viscut qualsevol grau de violència, Antonella D’Ascenzi fa un recorregut entre la teoria feminista, els Cultural Studies i les metodologies qualitatives, observant de prop i anomenat els codis que romanen de forma desapercebuda davall la pell de cada cos.L’escolta, les preguntes, la sororitat, el gaudi i l’expressió de l’emoció amb el moviment seran les claus que Antonella posarà en marxa —entre altres— per despertar els cossos fatigats, estressats, minvats, acompanyant-los a un espai nou, més ampli i diàfan, on reconèixer-se: un espai que cada dona pugui, finalment, habitar." -- Contracoberta
586 ## - NOTA DE PREMIOS
Nota de premios Premi Escriu per l'Art Social 2023-2025
650 #0 - PUNTO DE ACCESO ADICIONAL DE MATERIA--TÉRMINO DE MATERIA
Término de materia o nombre geográfico como elemento de entrada Art i acció social
Fuente del encabezamiento o término lemac
9 (RLIN) 167994
650 #7 - PUNTO DE ACCESO ADICIONAL DE MATERIA--TÉRMINO DE MATERIA
Término de materia o nombre geográfico como elemento de entrada Dansa
Subdivisión general Aspectes socials
9 (RLIN) 56573
650 #0 - PUNTO DE ACCESO ADICIONAL DE MATERIA--TÉRMINO DE MATERIA
Término de materia o nombre geográfico como elemento de entrada Dones en les arts de l'espectacle
Subdivisión general Condicions socials
Fuente del encabezamiento o término lemac
9 (RLIN) 169293
650 #7 - PUNTO DE ACCESO ADICIONAL DE MATERIA--TÉRMINO DE MATERIA
Término de materia o nombre geográfico como elemento de entrada Identitat de gènere en la dansa
9 (RLIN) 57031
650 #0 - PUNTO DE ACCESO ADICIONAL DE MATERIA--TÉRMINO DE MATERIA
Término de materia o nombre geográfico como elemento de entrada Arts de l'espectacle
Subdivisión general Diferències entre sexes
Fuente del encabezamiento o término lemac
9 (RLIN) 157332
830 ## - PUNTO DE ACCESO ADICIONAL DE SERIE-TÍTULO UNIFORME
Título uniforme Art social (Neret Edicions)
Designación de volumen o secuencia 6
9 (RLIN) 163366
908 ## - COLOCAR PARÁMETRO DE COMANDO (RLIN)
Colocar parámetro de comando BC
-- CDMAE
940 ## - EQUIVALENCIA O REFERENCIA-CRUZADA--TÍTULO UNIFORME [OBSOLETO] [solamente CAN/MARC]
Título uniforme <a href="BC">BC</a>
942 ## - ELEMENTOS DE ENTRADA AGREGADA (KOHA)
Fuente del sistema de clasificación o colocación Clasificación decimal universal
Tipo de ítem Koha Llibre
Holdings
Estado de retiro Estado de pérdida Fuente del sistema de clasificación o colocación Estado dañado No para préstamo Localización permanente Ubicación/localización actual Ubicación en estantería Fecha de adquisición Fuente de adquisición Total de préstamos Signatura topográfica completa Código de barras Fecha visto por última vez Precio válido a partir de Tipo de ítem Koha
    Clasificación decimal universal     Biblioteca Barcelona Biblioteca Barcelona BCN Lliure Accés 23/04/2026 Compra   793.2 DAS 1900090041 23/04/2026 23/04/2026 Llibre

Powered by Koha